Normal view
MARC view
Entry Personal Name
001 - CONTROL NUMBER
- control field: 28245
003 - CONTROL NUMBER IDENTIFIER
- control field: OSt
005 - DATE AND TIME OF LATEST TRANSACTION
- control field: 20260610124236.0
008 - FIXED-LENGTH DATA ELEMENTS
- fixed length control field: 260610|| aca||aabn | a|a d
040 ## - CATALOGING SOURCE
- Original cataloging agency: OSt
- Transcribing agency: OSt
100 ## - HEADING--PERSONAL NAME
- Personal name: Henderson Patricia
670 ## - SOURCE DATA FOUND
- Source citation: Work cat.: (OSt)23803: Gysbers Norman C. 28243, Developing & Managing: Your School Guidance and Counselling Program, 2005
